Aşk Estetiği : İslām Sanatlarının Estetiği Üzerine Bir Deneme (Record no. 4076)

000 -LEADER
fixed length control field 00486nam a22001697a 4500
008 - FIXED-LENGTH DATA ELEMENTS--GENERAL INFORMATION
fixed length control field 200302b ||||| |||| 00| | eng d
020 ## - INTERNATIONAL STANDARD BOOK NUMBER
International Standard Book Number 9754371040
041 ## - LANGUAGE CODE
Language code of text/sound track or separate title Türkçe
050 ## - LIBRARY OF CONGRESS CALL NUMBER
Classification number PL210.L6
245 ## - TITLE STATEMENT
Title Aşk Estetiği : İslām Sanatlarının Estetiği Üzerine Bir Deneme
250 ## - EDITION STATEMENT
Edition statement 6.Basım
260 ## - PUBLICATION, DISTRIBUTION, ETC.
Place of publication, distribution, etc. İstanbul:
Name of publisher, distributor, etc. Ötüken Neşriyat A.Ş.
Date of publication, distribution, etc. 2000
300 ## - PHYSICAL DESCRIPTION
Extent 229 Sayfa
500 ## - GENERAL NOTE
General note 1.Basım 1982, Birlik Yayınları
650 #0 - SUBJECT ADDED ENTRY--TOPICAL TERM
9 (RLIN) 145
Topical term or geographic name entry element Türk Edebiyatı
942 ## - ADDED ENTRY ELEMENTS (KOHA)
Source of classification or shelving scheme
Koha item type Books
Holdings
Withdrawn status Lost status Source of classification or shelving scheme Damaged status Not for loan Permanent Location Current Location Shelving location Date acquired Full call number Barcode Date last seen Price effective from Koha item type
        Ödünç verilemez İmren Ahmet Tüzün Kütüphanesi İmren Ahmet Tüzün Kütüphanesi Ahmet Tüzün 2020-03-02 PL210.L6 100100004378 2020-03-02 2020-03-02 Books

This software was implemented, installed and managed by Devinim Software Training Consulting .